000 00664nam a2200241Ia 4500
003 OSt
005 20221005093531.0
006 a|||||r|||| 00| 0
007 ta
008 221004b |||||||| |||| 00| 0 eng d
024 _a91410
037 _cTextual
040 _aCRL
_cCRL
_beng
041 _2eng
_aeng
082 _aV2:2:N9, N3
100 _aPandey Monaj
_9618484
245 0 _aFundamentals of Indian constitution
260 _aNewDelhi
_bVikas Publishing House Pvt Ltd India
_c1993
650 _aHISTORY
700 _a Kedia Onkar
_9609271
942 _hV2:2:N9, N3
_cTEXL
_2cc
999 _c1000550
_d1000550